01575cam a22004094i 4500003000900000005001700009008004100026020001800067020001500085035002000100040003300120082001900153100002800172245008300200250001900283264005300302300006000355336002100415337002500436338002300461504004000484504003400524505046200558526001001020526001001030526001001040526001001050526000801060526000801068526000801076526000801084526000801092526000801100526000801108650003001116650001901146PE-LiUPU20250731173110.0181213s2018 miua rb 001 0 eng d a9780801099748 a0801099749 a(Sirsi) a251052 aPE-LiUPUbspacPE-LiUPUerda04a251bC462c2231 aChapell, Bryan,eautor.10aChrist-centered preaching :bredeeming the expository sermon /cBryan Chapell. aThird edition. 1aGrand Rapids, Michigan :bBaker Academic,c2018. axxi, 421 páginas :bilustraciones ;c24 centímetros atext2rdacontent aunmediated2rdamedia avolume2rdacarrier aBibliografía : páginas 405-414. aÍndice : páginas 415-421.0 aPrinciples for Expository Preaching -- Word and Witness -- Obligations of the Sermon -- The Priority of the Text -- Components of Exposition -- Preparation of Expository Sermons -- The Process of Explanation -- Outlining and Structure -- The Pattern of Illustration -- The Practice of Application -- Introductions, Conclusions, and Transitions -- A Theology of Christ-Centered Messages -- A Redemptive Approach to Preaching -- Developing Redemptive Sermons. aSEG42 aSEG41 aSEG40 aSEG39 aP94 aP87 aP86 aP85 aP77 aP76 aP3504aBibliaxuso homilético.04aPredicación.